000 00762nam a2200169Ia 4500
999 _c38050
_d38050
003 Ge_BSU
005 20190508211101.0
008 181216s2005||||ge |||||||||||||| ||geo||
041 _ageo
080 _a342.743(479.22)(094.4) ს-32
245 _aსაქართველოს საგადასახადო კოდექსი : ცვლილებებითა და დამატებებით 2005 წლის 1 ოქტომბრამდე
264 _aთბილისი .:
_bბონა კაუზა,
_c2005.
300 _a219 გვ ;
_c19 სმ.
653 _aსაქართველოს საგადასახადო კოდექსი
653 _aსამართალი
942 _cBK
_2udc